Нормален изглед
MARC изглед
- Гозман, Лазарь Михайлович
Вход 01. Лично име
001 - Контролен номер на записа
- Контролно поле: 495422
003 - Код на организацията, даваща контролен номер
- Контролно поле: BLK
005 - Дата и час на последна промяна на записа
- Контролно поле: 20241015135535.0
008 - Данни с фиксирана дължина – обща информация
- Данни с фиксирана дължина : 241015|| aca||aabn | a|a d
100 ## - ИМЕ НА ЛИЦЕ -ПЪРВИЧНА ИНТЕЛЕКТУАЛНА ОТГОВОРНОСТ
- Лично име: Гозман, Лазарь Михайлович
- Звания и думи, свързани с автора: украински цигулар, диригент и педагог
- Дати, свързани с автора: 1926 – 1995
942 ## - Системна служебна употреба
- Koha auth type: PERSO_NAME